00375pab a2200145 454500008004000000100002300040245006000063260000900123300001300132362001100145650001100156650001400167650001400181773003400195180718b2017 xxu||||| |||| 00| 0 eng d aPagani, Luca et al aKayasthas of Bengal: legends, genealogies, and genetics c2017 ap.44-53. a25 Nov aBengal aKayasthas aMigration aEconomic and Political Weekly